Αστικός κώδιξ και μαθηματικός λογισμός

Αποθηκεύτηκε σε:
Λεπτομέρειες βιβλιογραφικής εγγραφής
Κύριος συγγραφέας: Ταμπάκης, Γεώργιος Στ
Συγγραφή απο Οργανισμό/Αρχή: Αριστοτέλειο Πανεπιστήμιο Θεσσαλονίκης Σχολή Νομικών και Οικονομικών Επιστημών Τμήμα Νομικής
Μορφή: Βιβλίο
Γλώσσα:Greek
Δημοσίευση: Θεσσαλονίκη : Αριστοτέλειο Πανεπιστήμιο, 1971
Θέματα:
Ετικέτες: Προσθήκη ετικέτας
Δεν υπάρχουν, Καταχωρήστε ετικέτα πρώτοι!

MARC

LEADER 00000cam a2200000 i 4500
001 1/36389
008 061025s1971 gre d
035 |l 10085808 
040 |a GR-MY-UA  |b gre  |e aacr 
041 0 |a gre 
082 0 |a 346.0026  |2 (22) 
100 1 |a Ταμπάκης, Γεώργιος Στ. 
245 1 0 |a Αστικός κώδιξ και μαθηματικός λογισμός /  |c Γεώργιου Στ. Ταμπάκη 
260 |a Θεσσαλονίκη :   |b Αριστοτέλειο Πανεπιστήμιο,   |c 1971 
300 |a κγ,191 σ.;  |c 24 εκ. 
500 |a Διατριβή επί διδακτορία, εγκριθείσα υπό της Σχολής Νομικών και Οικονομικών Επιστημών του Αριστοτελείου Πανεπιστημίου Θεσσαλονίκης 
504 |a Περιλαμβάνει βιβλιογραφία και ευρετήριο 
650 0 0 |a Civil law  |z Greece. 
710 2 |a Αριστοτέλειο Πανεπιστήμιο Θεσσαλονίκης  |b Σχολή Νομικών και Οικονομικών Επιστημών  |b Τμήμα Νομικής. 
852 |a INST  |b CHIOS  |e 20061025  |h 346.0026 ΤΑΜ  |p 005200026899  |q 005200026899  |t BK  |y 0 
901 |a BIBL2-2006-3 
909 |a Χ  |b 120343 
970 |a ΒΑΣΙΛΑΚΗ  |b ΝΙΚΗ  |z 2006/10/25